000 00305nam a22001337a 4500
008 170203b xxu||||| |||| 00| 0 eng d
020 _a0520067894
041 _aeng
080 _a61
100 _a3
101 _aSHM
245 _aDISEASE CHANGE AND THE ROLE MEDICINE
_cSTEPHEN.J KUNITZ
942 _2udc
_cBK
999 _c4528
_d4528